Das Römische Recht in den Germanischen Volksstaaten / (Record no. 155064)
[ view plain ]
| 000 -LEADER | |
|---|---|
| campo de control de longitud fija | 01092nam a22002295i 4500 |
| 001 - NÚMERO DE CONTROL | |
| campo de control | 155064 |
| 003 - IDENTIFICADOR DE NÚMERO DE CONTROL | |
| campo de control | ES-MaACL |
| 005 - FECHA Y HORA DE LA ÚLTIMA TRANSACCIÓN | |
| campo de control | 20250723061847.0 |
| 008 - DATOS DE LONGITUD FIJA--INFORMACIÓN GENERAL | |
| campo de control de longitud fija | 040806m18991907gw |||| | ger d |
| 040 ## - FUENTE DE CATALOGACIÓN | |
| Centro catalogador/agencia de origen | CAM |
| Lengua de catalogación | spa |
| Centro/agencia transcriptor | CAM |
| 100 1# - ENTRADA PRINCIPAL--NOMBRE DE PERSONA | |
| Nombre de persona | Halban, Alfred von. |
| 9 (RLIN) | 127764 |
| 245 10 - MENCIÓN DEL TÍTULO | |
| Título | Das Römische Recht in den Germanischen Volksstaaten / |
| Mención de responsabilidad, etc. | Ein Beitrag zur deutchen Rechtsgeschichte von Alfred von Halban. |
| 260 ## - PUBLICACIÓN, DISTRIBUCIÓN, ETC. | |
| Lugar de publicación, distribución, etc. | Breslau : |
| Nombre del editor, distribuidor, etc. | Verlag von M. & H. Marcus, |
| Fecha de publicación, distribución, etc. | 1899-1907. |
| 300 ## - DESCRIPCIÓN FÍSICA | |
| Extensión | v. ; |
| Dimensiones | 23 cm. |
| 490 1# - MENCIÓN DE SERIE | |
| Mención de serie | Untersuchungen zur Deutschen Staats-und Rechtsgeschichte / herausgegeben von Otto Gierke ; |
| Designación de volumen o secuencia | 64; 89 |
| 597 ## - NOTA DE DESCRIPCIÓN FÍSICA | |
| NOTA DE DESCRIPCIÓN FÍSICA | T.I (1899) (XXI, 312 p.) - T.II (1901) (XII, 363 p.) - T.III (1907) (XX, 420 p.) |
| 598 ## - NOTA LOCAL | |
| Nota local | La mención de serie tomada de los t.II y III. |
| 650 #7 - PUNTO DE ACCESO ADICIONAL DE MATERIA--TÉRMINO DE MATERIA | |
| Término de materia o nombre geográfico como elemento de entrada | Derecho romano |
| Fuente del encabezamiento o término | embne |
| 9 (RLIN) | 11764 |
| 830 0# - PUNTO DE ACCESO ADICIONAL DE SERIE-TÍTULO UNIFORME | |
| Título uniforme | Untersuchungen zur Deutschen Staats-und Rechtsgeschichte / herausgegeben von Otto Gierke ; |
| Designación de volumen o secuencia | 64; 89 |
| 9 (RLIN) | 221537 |
| 852 ## - LOCALIZACIÓN | |
| Ubicación | ES-MaACL |
| Número de control de estantería | G-181-183 |
| Nota libre | -- Enc. pasta española conservando la cub. original |
| condición física | -- Contiene t.I-III |
| Estatus retirado | Estado de pérdida | Estado de daño | No para préstamo | Colección | Biblioteca de origen | Biblioteca actual | Ubicación en estantería | Fecha de adquisición | Fuente de adquisición | Total de préstamos | Signatura topográfica completa | Código de barras | Visto por última vez | Precio de reemplazo | Tipo de ítem Koha |
|---|---|---|---|---|---|---|---|---|---|---|---|---|---|---|---|
| Libros del s. XIX | Biblioteca del Ateneo de Madrid | Biblioteca del Ateneo de Madrid | Depósito 2 | 17/01/2008 | G-181-183 | 1162204 | 23/02/2023 | 23/02/2023 | Libro impreso antiguo |
